01531nam a22003375i 450000100090000000300050000900500170001400800410003101000170007202000180008904000290010704200080013605000250014408200220016910000280019124500520021925000200027126300090029126400610030030000510036133600260041233700280043833800270046650000200049350504220051365000260093590600450096194200450100695201250105199900170117622753755CSPC20250326153107.0220816s2022 inu 000 0 eng  a 2022944804 a9781119901709 aDLCbengerdacDLCdCSPC apcc00aQA76.758b.S747 202300a005.1bSt437b2231 aStephens, Rod,eauthor.10aBeginning software engineering /cRod Stephens. aSecond edition. a2211 1aHoboken, New Jersey :bJohn Wiley and Sons, Inc.,c2022. axxxiv, 685 pages : billustrations ; c24 cm.  atextbtxt2rdacontent aunmediatedbn2rdamedia avolumebnc2rdacarrier aIncludes index.0 aSoftware engineering step-by-step -- Software engineering from 20,000 feet -- Before the beginning -- The team -- Project management -- Requirements gathering -- High-level design -- low level design -- Security design -- User experience design -- Programming -- Algorithms -- Programming languages -- Testing -- Deployment -- Metrics -- Maintenance -- Process models -- Predictive models -- Iterative models -- RAD.  0aSoftware engineering. a0bibccorignewd2eepcnf20gy-gencatlg 2ddccBKh005.1iSt437bkENGm2023n0e23 00102ddc4070aCSPCbCSPCcENGd2025-03-26l0oENG 005.1 St437b 2023p029315r2025-03-26 12:42:49t1-1w2025-03-26yBK c29341d29341